[Event "Gibtelecom Masters"]
[Site "Gibraltar Gibraltar"]
[Date "2007.01.29"]
[Round "6.39"]
[White "Korchnoi, Viktor"]
[Black "Hartig, Ove"]
[Result "1-0"]
[WhiteElo "2629"]
[BlackElo "2225"]
[PlyCount "85"]
[EventDate "2007.01.23"]

1. d4 Nf6 2. c4 c5 3. d5 b5 4. cxb5 a6 5. e3 Bb7 6. Nc3 Qa5 7. Bd2 axb5 8. Bxb5
Qb6 9. Qb3 e6 10. Nf3 Nxd5 11. O-O Be7 12. Bc4 Qxb3 13. axb3 Na6 14. Nxd5 exd5
15. Bb5 Bf6 16. Bc3 Bxc3 17. bxc3 Ke7 18. Ne5 Rhd8 19. Rfd1 Nc7 20. Ba4 f6 21.
Nd3 Ne6 22. b4 d6 23. f4 g6 24. Rdb1 c4 25. Ne1 Nc7 26. Nf3 Ra7 27. Bd1 Rda8
28. Rxa7 Rxa7 29. Nd4 Ra3 30. Rc1 Ne6 31. Bf3 Nxd4 32. exd4 Ra2 33. Re1+ Kf7
34. Kf1 Ra3 35. Re3 Ra1+ 36. Ke2 Ra8 37. f5 Re8 38. fxg6+ hxg6 39. Rxe8 Kxe8
40. h4 f5 41. Ke3 Ke7 42. Kf4 Kf6 43. b5 1-0

[Event "Gibtelecom Masters"]
[Site "Gibraltar Gibraltar"]
[Date "2007.01.29"]
[Round "6.40"]
[White "Navarro Torres, Pedro"]
[Black "Kristjansson, Stefan"]
[Result "0-1"]
[WhiteElo "2235"]
[BlackElo "2485"]
[PlyCount "80"]
[EventDate "2007.01.23"]

1. d4 Nf6 2. Nf3 e6 3. Bg5 c5 4. e3 b6 5. Nbd2 Bb7 6. c3 Be7 7. Bd3 d6 8. O-O
Nbd7 9. Qe2 O-O 10. a4 a6 11. Rad1 Re8 12. e4 cxd4 13. cxd4 Nf8 14. Bh4 Ng6 15.
Bg3 Nh5 16. Rfe1 Ngf4 17. Qf1 Nxg3 18. hxg3 Nxd3 19. Qxd3 d5 20. exd5 Bxd5 21.
Ne4 Qc7 22. Re3 Qb7 23. g4 h6 24. g5 Bxe4 25. Rxe4 hxg5 26. Rde1 Bf6 27. Qe3
Qd5 28. g4 Rac8 29. Kg2 Red8 30. Rh1 g6 31. Re5 Bxe5 32. dxe5 f6 33. exf6 Rf8
34. Qxg5 Qxg5 35. Nxg5 Rxf6 36. Ne4 Rf4 37. f3 Rc4 38. b3 Rcxe4 39. fxe4 Rxe4
40. Kf3 Rb4 0-1

[Event "Gibtelecom Masters"]
[Site "Gibraltar Gibraltar"]
[Date "2007.01.29"]
[Round "6.42"]
[White "Narayanan, Srinath"]
[Black "Teran Alvarez, Ismael"]
[Result "0-1"]
[WhiteElo "2229"]
[BlackElo "2417"]
[PlyCount "138"]
[EventDate "2007.01.23"]

1. e4 c5 2. Nf3 d6 3. d4 cxd4 4. Nxd4 Nf6 5. Nc3 g6 6. Be3 Bg7 7. f3 Nc6 8. Qd2
O-O 9. O-O-O Bd7 10. g4 Rc8 11. Kb1 Ne5 12. Be2 Re8 13. h4 h5 14. g5 Nh7 15. f4
Ng4 16. Bg1 a6 17. f5 Ne5 18. Nd5 e6 19. Ne3 d5 20. fxg6 fxg6 21. exd5 exd5 22.
Nxd5 Bg4 23. Bxg4 Nxg4 24. Nb3 Qd7 25. Qg2 Qf5 26. Bd4 Bxd4 27. Nxd4 Qf2 28.
Qf1 Qxf1 29. Rhxf1 Rc5 30. Nf4 Nf8 31. Nb3 Rce5 32. Nd3 R5e7 33. Rf4 Ne6 34.
Rb4 Ne3 35. Re1 Ng7 36. a4 Ngf5 37. Nbc5 Rc8 38. a5 Rec7 39. Re4 Ng2 40. Re8+
Rxe8 41. Rxe8+ Kf7 42. Rh8 Re7 43. Rb8 Nd6 44. Rd8 Nf5 45. Rb8 Nd6 46. Rd8 Nc4
47. b4 Nxh4 48. Rd4 Nf3 49. Rf4+ Kg7 50. Kc1 Nfe5 51. Nxe5 Nxe5 52. Kb2 Nf7 53.
c4 Nxg5 54. b5 Ne6 55. Re4 Kf6 56. bxa6 bxa6 57. Nxa6 Ra7 58. Nb4 Rxa5 59. Nd5+
Kf5 60. Re1 Nf4 61. Ne7+ Kf6 62. Kb3 Re5 63. Ng8+ Ke6 64. Rf1 g5 65. Kb4 Kf7
66. c5 Kxg8 67. c6 Nd5+ 68. Kc5 Ne7+ 69. Kd6 Nxc6 0-1

[Event "Gibtelecom Masters"]
[Site "Gibraltar Gibraltar"]
[Date "2007.01.29"]
[Round "6.43"]
[White "Martin Macias, Daniel"]
[Black "Ris, Robert"]
[Result "0-1"]
[WhiteElo "2192"]
[BlackElo "2403"]
[PlyCount "100"]
[EventDate "2007.01.23"]

1. d4 d5 2. c4 c6 3. Nf3 Nf6 4. Nc3 e6 5. Bg5 h6 6. Bxf6 Qxf6 7. e3 Nd7 8. Bd3
g6 9. O-O dxc4 10. Bxc4 Qe7 11. Rb1 Bg7 12. b4 O-O 13. Qb3 b6 14. a4 Bb7 15.
Rfd1 Rfd8 16. Ne2 a5 17. bxa5 Rxa5 18. Qc2 Rda8 19. Nc3 Kh7 20. Be2 c5 21. dxc5
Rxc5 22. Nd4 Rac8 23. Rb3 Qg5 24. g3 Bd5 25. Ra3 Bf8 26. Qb2 R5c7 27. Nxd5 Bxa3
28. Qxa3 exd5 29. h4 Qf6 30. h5 Ne5 31. Qb4 Rc1 32. Rxc1 Rxc1+ 33. Kg2 Rc5 34.
hxg6+ fxg6 35. Qb1 Rc7 36. Qb5 Qd6 37. a5 bxa5 38. Qxa5 Rf7 39. Qb5 Nd7 40. Qc6
Qxc6 41. Nxc6 Kg7 42. g4 Nf6 43. Bf3 Rc7 44. Nd4 Kf7 45. Bd1 Rc1 46. Bb3 Nxg4
47. Bxd5+ Kf6 48. Kf3 Rg1 49. Ne2 Ne5+ 50. Ke4 Rg2 0-1

[Event "Gibtelecom Masters"]
[Site "Gibraltar Gibraltar"]
[Date "2007.01.29"]
[Round "6.44"]
[White "Osuna Vega, Enrique"]
[Black "Aaberg, Anton"]
[Result "0-1"]
[WhiteElo "2177"]
[BlackElo "2400"]
[PlyCount "80"]
[EventDate "2007.01.23"]

1. e4 e6 2. d4 d5 3. Bd3 c5 4. exd5 Qxd5 5. Nc3 Qxd4 6. Nb5 Qd8 7. Bf4 Na6 8.
Qf3 Nf6 9. c4 Qb6 10. Ne2 Bd7 11. Nec3 Be7 12. O-O-O O-O 13. a3 Rfd8 14. Be5
Bxb5 15. Nxb5 Rac8 16. Qh3 Nb8 17. g4 Nc6 18. Bc3 a6 19. g5 Rxd3 20. Qxd3 Ne8
21. h4 axb5 22. cxb5 Nd4 23. Bxd4 cxd4+ 24. Kb1 Rd8 25. Rhe1 Rd5 26. a4 Nd6 27.
Rc1 Qa5 28. Qb3 d3 29. Re3 d2 30. Rd1 g6 31. Rd3 Rxd3 32. Qxd3 Qxa4 33. Rxd2
Qxh4 34. Qa3 Qf4 35. Rd1 Kg7 36. Qc5 Qe4+ 37. Kc1 h6 38. gxh6+ Kxh6 39. Rg1 Nf5
40. Qc3 Nd4 0-1

[Event "Gibtelecom Masters"]
[Site "Gibraltar Gibraltar"]
[Date "2007.01.29"]
[Round "6.45"]
[White "Van Beek, Alexander"]
[Black "Tscharotschkin, Michael"]
[Result "1-0"]
[WhiteElo "2399"]
[BlackElo "2197"]
[PlyCount "54"]
[EventDate "2007.01.23"]

1. d4 d5 2. c4 Bf5 3. cxd5 Bxb1 4. Qa4+ c6 5. Rxb1 Qxd5 6. Nf3 Nd7 7. b4 Nb6 8.
Qc2 Nf6 9. e3 e6 10. Bd3 Be7 11. e4 Qd8 12. O-O Nfd7 13. Be3 O-O 14. Rfd1 g6
15. b5 cxb5 16. Bxb5 Rc8 17. Qb3 Bd6 18. a4 Rb8 19. a5 Nc8 20. Bh6 Re8 21. Ne5
Re7 22. Nxd7 Rxd7 23. Bxd7 Qxd7 24. e5 Bc7 25. d5 Bxa5 26. dxe6 Qxe6 27. Qa3
Qf5 1-0

[Event "Gibtelecom Masters"]
[Site "Gibraltar Gibraltar"]
[Date "2007.01.29"]
[Round "6.46"]
[White "Sachdev, Tania"]
[Black "Pettersen, Joar"]
[Result "1-0"]
[WhiteElo "2380"]
[BlackElo "2032"]
[PlyCount "47"]
[EventDate "2007.01.23"]

1. d4 Nf6 2. Nf3 e6 3. c4 Nc6 4. Nc3 Bb4 5. Bd2 d6 6. d5 Bxc3 7. Bxc3 Nb8 8. g3
e5 9. Bg2 a5 10. b3 O-O 11. O-O Ne4 12. Bb2 f5 13. Nd2 Nxd2 14. Qxd2 f4 15. c5
fxg3 16. hxg3 Bg4 17. f4 Nd7 18. c6 bxc6 19. dxc6 Nb6 20. fxe5 Re8 21. Qd4 Qg5
22. exd6 Rad8 23. d7 Nxd7 24. Qd5+ 1-0

[Event "Gibtelecom Masters"]
[Site "Gibraltar Gibraltar"]
[Date "2007.01.29"]
[Round "6.47"]
[White "Andreassen, Lars"]
[Black "Dittmar, Peter"]
[Result "1/2-1/2"]
[WhiteElo "2160"]
[BlackElo "2357"]
[PlyCount "73"]
[EventDate "2007.01.23"]

1. d4 d5 2. Nf3 Nf6 3. c4 dxc4 4. e3 Bg4 5. Bxc4 e6 6. Nc3 Nbd7 7. O-O Bd6 8.
h3 Bh5 9. e4 e5 10. Be3 O-O 11. Be2 Bg6 12. dxe5 Nxe5 13. Nd2 Ned7 14. f4 Bc5
15. Bxc5 Nxc5 16. f5 Qd4+ 17. Kh1 Rad8 18. Nf3 Qb4 19. Qe1 Bh5 20. g4 Ncxe4 21.
gxh5 Qxb2 22. Nxe4 Nxe4 23. Bc4 Rfe8 24. h6 Nd2 25. Qg3 Nxc4 26. Rab1 Qf6 27.
Qxg7+ Qxg7 28. hxg7 Nd2 29. Nxd2 Rxd2 30. f6 Ree2 31. Rfe1 Rh2+ 32. Kg1 Rhg2+
33. Kh1 Rh2+ 34. Kg1 Rdg2+ 35. Kf1 Rf2+ 36. Kg1 Rhg2+ 37. Kh1 1/2-1/2

[Event "Gibtelecom Masters"]
[Site "Gibraltar Gibraltar"]
[Date "2007.01.29"]
[Round "6.48"]
[White "Heinis, Vincent"]
[Black "Meenakshi, S."]
[Result "1-0"]
[WhiteElo "2156"]
[BlackElo "2293"]
[PlyCount "49"]
[EventDate "2007.01.23"]

1. d4 d5 2. c4 dxc4 3. Nf3 Nf6 4. e3 e6 5. Bxc4 c5 6. O-O a6 7. Bb3 b5 8. a4 b4
9. Nbd2 Nbd7 10. e4 Bb7 11. d5 e5 12. Nc4 Qb8 13. d6 Nxe4 14. Nfxe5 Nxe5 15.
Nxe5 Qxd6 16. Qh5 g6 17. Bxf7+ Ke7 18. Bg5+ Nxg5 19. Qxg5+ Qf6 20. Qe3 Kd8 21.
Rfd1+ Kc8 22. Qh3+ Kc7 23. Rd7+ Kb8 24. Rxb7+ Kxb7 25. Qd7+ 1-0

[Event "Gibtelecom Masters"]
[Site "Gibraltar Gibraltar"]
[Date "2007.01.29"]
[Round "6.49"]
[White "Vinas Guerrero, Carlos"]
[Black "Schuurman, Petra"]
[Result "0-1"]
[WhiteElo "2124"]
[BlackElo "2275"]
[PlyCount "126"]
[EventDate "2007.01.23"]

1. e4 c5 2. Nf3 e6 3. c3 Nf6 4. e5 Nd5 5. d4 cxd4 6. cxd4 b6 7. Nc3 Nxc3 8.
bxc3 Qc7 9. Qb3 Bb7 10. Ba3 Nc6 11. Bxf8 Rxf8 12. Be2 f6 13. Qc4 Rc8 14. exf6
Rxf6 15. Qd3 Ne7 16. O-O Ng6 17. Rac1 Nf4 18. Qd1 Nxe2+ 19. Qxe2 Bxf3 20. gxf3
Qf4 21. Rfe1 Rg6+ 22. Kf1 Qxh2 23. Qe3 Qh5 24. Ke2 Qd5 25. Rc2 Rf6 26. Rg1 g6
27. Rg4 b5 28. Qd3 Ke7 29. a4 Rcf8 30. Rg3 bxa4 31. c4 Qd6 32. Ra2 Rf4 33. Rxa4
Qxd4 34. Qa3+ Qd6 35. Qa2 Qc5 36. Rh3 R8f7 37. Qb3 g5 38. Qd3 h6 39. Qe3 Rxc4
40. Rxa7 Rc2+ 41. Kd1 Qxe3 42. fxe3 Rf2 43. Rxh6 R2xf3 44. Ke2 Rf2+ 45. Kd3 Rg7
46. Rh3 g4 47. Rg3 Rf3 48. Rg2 g3 49. Raa2 Kf6 50. Ra4 d5 51. Ke2 Rf5 52. Rh4
Ke5 53. Rh6 Rfg5 54. Kd3 Ra7 55. Rg1 Ra3+ 56. Ke2 Ra2+ 57. Kd3 g2 58. Rh8 Rf2
59. Rh2 Kd6 60. Kd4 e5+ 61. Kd3 Rg6 62. Kc3 Kc5 63. Ra1 Rf3 0-1

[Event "Gibtelecom Masters"]
[Site "Gibraltar Gibraltar"]
[Date "2007.01.29"]
[Round "6.50"]
[White "Cardenas Romo, Alejandro"]
[Black "Rasch, Holger"]
[Result "0-1"]
[WhiteElo "1891"]
[BlackElo "2272"]
[PlyCount "82"]
[EventDate "2007.01.23"]

1. e4 c5 2. Nc3 e6 3. f4 Nc6 4. Nf3 Nge7 5. Bc4 d5 6. Bb5 a6 7. Bxc6+ Nxc6 8.
d3 Be7 9. O-O O-O 10. e5 f5 11. Ne2 b5 12. c3 Bd7 13. d4 c4 14. a3 a5 15. Bd2
Qb6 16. Qc2 Ra7 17. Rfb1 Rb8 18. b4 cxb3 19. Qxb3 a4 20. Qd1 Na5 21. Ra2 Nc4
22. Bc1 Qd8 23. Nd2 Rc8 24. Ng3 Qf8 25. Nxc4 Rxc4 26. Bb2 Be8 27. Nf1 g5 28.
Nd2 Rc8 29. fxg5 Bxg5 30. Nf3 Bd8 31. Qe1 Kh8 32. Bc1 Rac7 33. Rc2 Be7 34. Ra1
b4 35. axb4 Bxb4 36. Ng5 Qg8 37. Bd2 Rg7 38. Rac1 Be7 39. h4 h6 40. Qg3 hxg5
41. hxg5 Rh7 0-1

[Event "Gibtelecom Masters"]
[Site "Gibraltar Gibraltar"]
[Date "2007.01.29"]
[Round "6.51"]
[White "Richardson, Keith"]
[Black "Galliano, Alex"]
[Result "1-0"]
[WhiteElo "2250"]
[BlackElo "1300"]
[PlyCount "168"]
[EventDate "2007.01.23"]

1. c4 Nf6 2. Nf3 g6 3. g3 Bg7 4. Bg2 d6 5. O-O O-O 6. d4 Nbd7 7. Nc3 e5 8. e4
c6 9. b3 Qa5 10. Bb2 Re8 11. Qc2 Nf8 12. d5 c5 13. Ne1 a6 14. a4 Qd8 15. Nd3
Bd7 16. Rae1 Ng4 17. h3 Nh6 18. Kh2 f6 19. f4 Nf7 20. Qf2 Qe7 21. fxe5 fxe5 22.
Bc1 h6 23. Be3 b6 24. b4 Rec8 25. bxc5 bxc5 26. Rb1 Be8 27. Rb6 Nd7 28. Rb7 Nd8
29. Rb3 Rab8 30. Rfb1 Rxb3 31. Rxb3 Rb8 32. Qb2 Rxb3 33. Qxb3 Bf8 34. Qb2 Bf7
35. Nf2 Kh7 36. h4 Be8 37. Bh3 Kg8 38. Kg2 Kh7 39. Ng4 Bg7 40. Nf2 Bf8 41. a5
Bg7 42. Qb3 Bf8 43. Na4 Nf6 44. Bc8 Qc7 45. Nb6 Nb7 46. Bd2 Be7 47. Be6 Nd8 48.
Bh3 Bd7 49. Nxd7 Nxd7 50. Qa4 Nf6 51. Qb3 Nd7 52. Qe3 Bf8 53. Qf3 Bg7 54. h5
Nf8 55. hxg6+ Nxg6 56. Bf5 Bf6 57. Bxg6+ Kxg6 58. Qf5+ Kg7 59. Ng4 Bg5 60. Bxg5
hxg5 61. Qxg5+ Kf7 62. Nh6+ Ke8 63. Nf5 Nb7 64. Ng7+ Kd7 65. Ne6 Qxa5 66. Qg7+
Kc8 67. Qf8+ Nd8 68. Kh3 Kd7 69. Qg7+ Kc8 70. g4 Qc3+ 71. Kh4 Qe1+ 72. Kg5
Nxe6+ 73. dxe6 Qe3+ 74. Kf6 Qf4+ 75. Ke7 Qxe4 76. Qg8+ Kb7 77. Kf8 Kc6 78. e7
Qf4+ 79. Qf7 Qh6+ 80. Qg7 Qf4+ 81. Qf7 Qh6+ 82. Kg8 Qg5+ 83. Qg7 Qxg7+ 84. Kxg7
Kd7 1-0

[Event "Gibtelecom Masters"]
[Site "Gibraltar Gibraltar"]
[Date "2007.01.29"]
[Round "6.52"]
[White "Wallace, Paul"]
[Black "Dekker, Alain"]
[Result "1-0"]
[WhiteElo "2274"]
[BlackElo "2144"]
[PlyCount "37"]
[EventDate "2007.01.23"]

1. e4 c5 2. Nf3 d6 3. d4 cxd4 4. Nxd4 Nf6 5. Nc3 a6 6. f4 e6 7. Bd3 Qc7 8. O-O
Be7 9. Nf3 Nc6 10. Qe1 O-O 11. e5 Ng4 12. exd6 Qxd6 13. Ne4 Qc7 14. Bd2 b5 15.
Qg3 Nf6 16. Bc3 Nh5 17. Qh3 Nxf4 18. Nf6+ Bxf6 19. Qxh7# 1-0

[Event "Gibtelecom Masters"]
[Site "Gibraltar Gibraltar"]
[Date "2007.01.29"]
[Round "6.53"]
[White "Adnani2, Moklis"]
[Black "Player, Edmund"]
[Result "1/2-1/2"]
[WhiteElo "2265"]
[BlackElo "2142"]
[PlyCount "83"]
[EventDate "2007.01.23"]

1. d4 d5 2. Nf3 Nf6 3. c4 dxc4 4. e3 e6 5. Bxc4 c5 6. O-O a6 7. Qe2 Nc6 8. Rd1
cxd4 9. exd4 Be7 10. Nc3 Nb4 11. Bg5 O-O 12. Ne5 b5 13. Bb3 Bb7 14. Rac1 Nbd5
15. Bc2 Rc8 16. Bb1 g6 17. Bh6 Nxc3 18. bxc3 Qd5 19. f3 Rfd8 20. Bg5 Qd6 21. a4
Nd5 22. Bd2 bxa4 23. c4 Nb4 24. Bc3 a5 25. Ng4 Ba6 26. Ba1 h5 27. Nf2 Qd5 28.
Bd3 Qg5 29. Ne4 Qh6 30. Bb1 Nd5 31. Kf2 Nf4 32. Qa2 f5 33. Nc5 Rxc5 34. dxc5
Bxc5+ 35. Ke1 Rxd1+ 36. Kxd1 Qg5 37. Qb2 Qd8+ 38. Ke1 Bb4+ 39. Kf2 Bc5+ 40. Ke1
Bb4+ 41. Kf2 Bc5+ 42. Ke1 1/2-1/2

[Event "Gibtelecom Masters"]
[Site "Gibraltar Gibraltar"]
[Date "2007.01.29"]
[Round "6.54"]
[White "Nemcova, Katerina"]
[Black "Prasanna, Rao"]
[Result "1/2-1/2"]
[WhiteElo "2147"]
[BlackElo "2234"]
[PlyCount "99"]
[EventDate "2007.01.23"]

1. e4 e5 2. Nf3 Nc6 3. Bb5 a6 4. Ba4 Nf6 5. d3 b5 6. Bb3 Be7 7. O-O d6 8. c3
O-O 9. Re1 h6 10. Nbd2 Re8 11. Nf1 Na5 12. Bc2 Bf8 13. Ng3 g6 14. b4 Nc6 15. a4
Be6 16. Bb2 d5 17. exd5 Bxd5 18. Qe2 Bg7 19. Nd2 Nd7 20. Bb3 Bxb3 21. Nxb3 Nb6
22. Nc5 Nd5 23. Ra2 h5 24. Qf3 Nce7 25. Ba1 Qc8 26. Nge4 Nf5 27. Ng5 c6 28. h3
Qd8 29. h4 Bh6 30. axb5 axb5 31. Rxa8 Qxa8 32. g3 Qa3 33. Nge4 Bf8 34. Nd7 Bg7
35. Qe2 Qa7 36. Ndc5 Qe7 37. Bb2 Nd6 38. Nxd6 Qxd6 39. Qd2 Nb6 40. Bc1 Nd7 41.
Ne4 Qd5 42. c4 bxc4 43. dxc4 Qxd2 44. Bxd2 Nb6 45. Rc1 Rb8 46. Be3 Bf8 47. Bc5
Nd7 48. Bxf8 Kxf8 49. Rb1 Nb6 50. Nd2 1/2-1/2

[Event "Gibtelecom Masters"]
[Site "Gibraltar Gibraltar"]
[Date "2007.01.29"]
[Round "6.55"]
[White "Kvisia, Johannes"]
[Black "Malmdin, Nils Ake"]
[Result "0-1"]
[WhiteElo "2134"]
[BlackElo "2231"]
[PlyCount "82"]
[EventDate "2007.01.23"]

1. Nf3 Nf6 2. c4 g6 3. Nc3 Bg7 4. g3 O-O 5. Bg2 d6 6. d4 Nc6 7. O-O a6 8. h3
Rb8 9. a4 Nd7 10. e4 e5 11. Bg5 f6 12. Be3 h6 13. Nh4 exd4 14. Bxd4 Nxd4 15.
Qxd4 Kh7 16. f4 f5 17. Qd2 Nc5 18. exf5 gxf5 19. b4 Nb3 20. Qd3 Nxa1 21. Rxa1
Qf6 22. Rc1 Qd4+ 23. Qxd4 Bxd4+ 24. Kh2 c6 25. Ne2 Bf6 26. Nf3 Re8 27. Ned4 Bd7
28. Rd1 Rbd8 29. Nb3 Bc8 30. Rd3 Re2 31. Nfd4 Rb2 32. b5 axb5 33. axb5 c5 34.
Nf3 b6 35. Nfd2 Be6 36. Kg1 Kg6 37. Bf3 h5 38. Bc6 Rc2 39. Bd5 Bxd5 40. Rxd5
Rc3 41. Kg2 Be7 0-1

[Event "Gibtelecom Masters"]
[Site "Gibraltar Gibraltar"]
[Date "2007.01.29"]
[Round "6.56"]
[White "Tredinnick, Malcolm"]
[Black "Walton, Colin"]
[Result "1-0"]
[WhiteElo "2209"]
[BlackElo "2135"]
[PlyCount "65"]
[EventDate "2007.01.23"]

1. c4 Nf6 2. g3 g6 3. Bg2 Bg7 4. Nc3 c6 5. e4 e5 6. Nge2 d6 7. O-O h5 8. h4 Be6
9. d3 a6 10. Bg5 b5 11. cxb5 axb5 12. d4 b4 13. d5 Bg4 14. Nb1 c5 15. Nd2 Bh6
16. Bxh6 Rxh6 17. Nc4 Ng8 18. f3 Bc8 19. f4 f6 20. fxe5 fxe5 21. Rf2 Ra7 22.
Qf1 Qe7 23. Rf7 Qxf7 24. Nxd6+ Kf8 25. Nxf7 Rxf7 26. Qc1 Na6 27. a3 Rc7 28.
axb4 cxb4 29. Qg5 Rc2 30. Rf1+ Ke8 31. Qxe5+ Ne7 32. d6 Rxe2 33. Qxe7# 1-0

[Event "Gibtelecom Masters"]
[Site "Gibraltar Gibraltar"]
[Date "2007.01.29"]
[Round "6.57"]
[White "Nordstrom, Felix"]
[Black "Edwards, Ray"]
[Result "1/2-1/2"]
[WhiteElo "2199"]
[BlackElo "2131"]
[PlyCount "158"]
[EventDate "2007.01.23"]

1. d4 d5 2. c4 e6 3. Nc3 Nf6 4. Bg5 Be7 5. e3 O-O 6. Nf3 h6 7. Bxf6 Bxf6 8.
cxd5 exd5 9. b4 Bf5 10. Be2 c6 11. Qb3 Qd6 12. b5 Nd7 13. O-O a6 14. bxc6 bxc6
15. Rfc1 Rfb8 16. Qd1 Rb4 17. Ne1 a5 18. Bd3 Be6 19. Na4 Qc7 20. Bc2 Be7 21.
Nd3 Rbb8 22. Rab1 Rxb1 23. Rxb1 Rb8 24. Bb3 g6 25. Rc1 Rc8 26. Nac5 Nxc5 27.
Nxc5 Bxc5 28. Rxc5 Qb6 29. h3 Bd7 30. Qc2 Ra8 31. Ba4 Ra6 32. e4 dxe4 33. d5
Bf5 34. dxc6 Qc7 35. Qc3 Rb6 36. Bb5 Rb8 37. a4 Rd8 38. Qe5 Qxe5 39. Rxe5 Rd1+
40. Kh2 Rc1 41. g4 Be6 42. Rxe4 Bd5 43. Re5 Bxc6 44. Bxc6 Rxc6 45. Rxa5 Rc3 46.
Re5 Ra3 47. Re4 Kg7 48. Kg2 Kf6 49. h4 h5 50. g5+ Kf5 51. Rb4 Ke5 52. f3 Ra2+
53. Kg3 Ra3 54. Rb5+ Ke6 55. a5 Ra4 56. Rb6+ Ke7 57. a6 Kd7 58. Rb7+ Ke6 59. a7
f5 60. Rg7 f4+ 61. Kf2 Kf5 62. Ke2 Ke5 63. Kd3 Kd5 64. Kc3 Kc5 65. Rxg6 Rxa7
66. Rh6 Ra3+ 67. Kd2 Rxf3 68. Rxh5 Rg3 69. Ke2 Kd6 70. Rh8 Ke6 71. Kf2 Kf7 72.
Rh6 Kg7 73. Kf1 Rg4 74. Ke2 Rg3 75. Kf2 Kg8 76. Rg6+ Kh7 77. h5 Rh3 78. Rh6+
Kg7 79. Kg2 Rg3+ 1/2-1/2

[Event "Gibtelecom Masters"]
[Site "Gibraltar Gibraltar"]
[Date "2007.01.29"]
[Round "6.58"]
[White "Daoudi, Kamal"]
[Black "Fogel, Pierre"]
[Result "1-0"]
[WhiteElo "2129"]
[BlackElo "2193"]
[PlyCount "103"]
[EventDate "2007.01.23"]

1. e4 c5 2. Nf3 d6 3. d4 cxd4 4. Qxd4 Nc6 5. Bb5 Bd7 6. Bxc6 Bxc6 7. Nc3 Nf6 8.
Bg5 e6 9. O-O-O Be7 10. Rhe1 O-O 11. Qd2 Qa5 12. Kb1 Rfd8 13. Nd4 Be8 14. Nd5
Qxd2 15. Nxe7+ Kf8 16. Rxd2 Kxe7 17. f4 h6 18. Bh4 Kf8 19. e5 dxe5 20. fxe5 g5
21. Bxg5 hxg5 22. exf6 Rd5 23. c4 Rd6 24. Nf3 Rxd2 25. Nxd2 Rd8 26. Kc2 Bc6 27.
g3 b5 28. Re5 bxc4 29. Rxg5 Ba4+ 30. Kc1 Rd5 31. Rxd5 exd5 32. Nf3 Kg8 33. Ne5
Kh7 34. h4 Be8 35. g4 a5 36. Kd2 a4 37. a3 d4 38. Nxc4 Kg6 39. Nd6 Bd7 40. g5
Be6 41. Nb5 Kh5 42. Nxd4 Bd5 43. Nf5 Ba2 44. Ke3 Kg4 45. Nd6 Kxh4 46. g6 fxg6
47. f7 Bxf7 48. Nxf7 Kg3 49. Ne5 g5 50. Nf3 g4 51. Ne5 Kh3 52. Nxg4 1-0

[Event "Gibtelecom Masters"]
[Site "?"]
[Date "2007.01.29"]
[Round "6.59"]
[White "Beltran, Jorge"]
[Black "Bahamonde, G."]
[Result "0-1"]
[WhiteElo "2104"]
[BlackElo "2191"]
[PlyCount "42"]
[EventDate "2007.01.26"]

1. d4 Nf6 2. c4 c5 3. Nf3 cxd4 4. Nxd4 e5 5. Nb5 d5 6. cxd5 Bc5 7. N5c3 O-O 8.
h3 Bf5 9. e3 Nbd7 10. Nd2 Nb6 11. e4 Bg6 12. Be2 Nfd7 13. O-O f5 14. Bh5 Bxh5
15. Qxh5 f4 16. b3 Rf6 17. Bb2 Rg6 18. Rac1 Rg5 19. Qf3 Rg3 20. Qh5 g6 21. Qh6
Rd3 0-1

[Event "Gibtelecom Masters"]
[Site "Gibraltar Gibraltar"]
[Date "2007.01.29"]
[Round "6.60"]
[White "Dunn, Andrew"]
[Black "Obers, Frits"]
[Result "1/2-1/2"]
[WhiteElo "2190"]
[BlackElo "2071"]
[PlyCount "118"]
[EventDate "2007.01.23"]

1. c4 e6 2. Nc3 d5 3. d4 Nf6 4. Bg5 Be7 5. e3 h6 6. Bh4 O-O 7. Qc2 b6 8. cxd5
Nxd5 9. Nxd5 exd5 10. Bxe7 Qxe7 11. Rc1 c6 12. Nf3 Be6 13. Be2 Rc8 14. O-O c5
15. Qa4 a5 16. dxc5 bxc5 17. Qa3 Qa7 18. Ne5 Qb6 19. Rfd1 Na6 20. Bxa6 Rxa6 21.
Nd3 c4 22. Nf4 Qb4 23. Qc3 Rb6 24. Rc2 Rc5 25. Qd4 a4 26. h3 Rcb5 27. e4 dxe4
28. Qxe4 Rd6 29. Rxd6 Qxd6 30. Nxe6 Qxe6 31. Qxe6 fxe6 32. Rxc4 Rxb2 33. Rxa4
Kf7 34. Ra7+ Kf6 35. g3 e5 36. a4 Ra2 37. a5 h5 38. h4 e4 39. a6 g5 40. hxg5+
Kxg5 41. Ra8 Kg4 42. Kg2 e3 43. a7 Rxf2+ 44. Kg1 Kh3 45. g4 Ra2 46. Kf1 Ra1+
47. Ke2 Ra2+ 48. Kxe3 Ra3+ 49. Kf4 Ra4+ 50. Kf5 Ra5+ 51. Kg6 hxg4 52. Rh8+ Kg2
53. a8=Q+ Rxa8 54. Rxa8 g3 55. Kf5 Kf3 56. Ra3+ Kf2 57. Kf4 g2 58. Ra2+ Kg1 59.
Kf3 Kh1 1/2-1/2

[Event "Gibtelecom Masters"]
[Site "Gibraltar Gibraltar"]
[Date "2007.01.29"]
[Round "6.62"]
[White "Wade, Robert"]
[Black "Horton, Colin"]
[Result "1-0"]
[WhiteElo "2173"]
[BlackElo "1300"]
[PlyCount "71"]
[EventDate "2007.01.23"]

1. d4 Nf6 2. Nc3 g6 3. e4 d6 4. Bc4 Bg7 5. Be3 O-O 6. Nf3 c6 7. O-O b5 8. Bd3
a5 9. a4 b4 10. Ne2 Qc7 11. c3 Na6 12. Qd2 c5 13. e5 dxe5 14. Nxe5 Bb7 15. Bh6
bxc3 16. bxc3 cxd4 17. cxd4 Nb4 18. Bxg7 Kxg7 19. Rfc1 Qd6 20. Bc4 e6 21. Qf4
Nbd5 22. Qh4 Rac8 23. Rab1 Nb6 24. Rxb6 Qxb6 25. Qxf6+ Kxf6 26. Nd7+ Ke7 27.
Nxb6 Rc6 28. Rb1 Rd8 29. Nd5+ exd5 30. Rxb7+ Ke6 31. Bd3 h6 32. f3 g5 33. g4
Rdd6 34. Ng3 Rc1+ 35. Kf2 Ra1 36. Bf5+ 1-0

[Event "Gibtelecom Masters"]
[Site "Gibraltar Gibraltar"]
[Date "2007.01.29"]
[Round "6.63"]
[White "Sharp, Dale"]
[Black "Spence, David"]
[Result "1-0"]
[WhiteElo "2085"]
[BlackElo "2166"]
[PlyCount "67"]
[EventDate "2007.01.23"]

1. e4 e6 2. d4 d5 3. Nc3 Bb4 4. e5 c5 5. a3 Ba5 6. b4 cxd4 7. Nb5 Bc7 8. f4 Bd7
9. Nxc7+ Qxc7 10. Bb2 Ba4 11. Rc1 a6 12. Qg4 g6 13. Nf3 Nh6 14. Qg5 Nf5 15.
Nxd4 Nc6 16. Nxf5 gxf5 17. c4 dxc4 18. Bxc4 Qb6 19. Rc3 Rd8 20. Be2 Nd4 21. Bh5
Nc2+ 22. Ke2 Bb5+ 23. Kf3 Nd4+ 24. Kg3 Ne2+ 25. Bxe2 Bxe2 26. h3 Bb5 27. Rc5
Bc6 28. Qg7 Rf8 29. Bc3 Rd3+ 30. Kh2 Qd8 31. b5 Qh4 32. Rf1 axb5 33. Bb4 Kd7
34. Rxc6 1-0

[Event "Gibtelecom Masters"]
[Site "Gibraltar Gibraltar"]
[Date "2007.01.29"]
[Round "6.64"]
[White "Dimitrijevic, Dragan"]
[Black "Borvander, Tom"]
[Result "1/2-1/2"]
[WhiteElo "2037"]
[BlackElo "2162"]
[PlyCount "111"]
[EventDate "2007.01.23"]

1. e4 e5 2. Nf3 Nc6 3. Bb5 a6 4. Ba4 Nf6 5. O-O b5 6. Bb3 Bc5 7. c3 d6 8. d4
Bb6 9. dxe5 Nxe5 10. Nxe5 dxe5 11. Qxd8+ Kxd8 12. Bxf7 Rf8 13. Bd5 Nxd5 14.
exd5 Bb7 15. Bg5+ Kd7 16. Nd2 Bxd5 17. b3 Rf5 18. Be3 Rd8 19. Bxb6 cxb6 20. f3
Bc6 21. Rfe1 Kc7 22. Nf1 Rd3 23. Ne3 Rf8 24. c4 e4 25. fxe4 Bxe4 26. cxb5 axb5
27. Rac1+ Kb8 28. Re2 Bb7 29. Rd1 Rxd1+ 30. Nxd1 Rf7 31. Nf2 Ka7 32. h3 Ka6 33.
Nd3 Ka5 34. Ne5 Rc7 35. Kf2 Kb4 36. Rd2 Ka3 37. Nd7 Be4 38. Ke3 Rc2 39. Rd6
Bxg2 40. Rxb6 Kxa2 41. h4 Rc3+ 42. Kf2 Bh3 43. Nf8 Rxb3 44. Nxh7 Bf5 45. Ng5 b4
46. Nf3 Rb2+ 47. Kg3 Rb1 48. Kf4 Bc2 49. h5 b3 50. h6 gxh6 51. Rxh6 Rd1 52.
Ra6+ Kb1 53. Ke3 Rd3+ 54. Ke2 Rd8 55. Nd2+ Kb2 56. Rf6 1/2-1/2

[Event "Gibtelecom Masters"]
[Site "Gibraltar Gibraltar"]
[Date "2007.01.29"]
[Round "6.65"]
[White "Joseph, Adrian"]
[Black "Saint Amand, Paul"]
[Result "0-1"]
[WhiteElo "1300"]
[BlackElo "2150"]
[PlyCount "73"]
[EventDate "2007.01.23"]

1. e4 c5 2. c3 d5 3. exd5 Qxd5 4. d4 g6 5. Nf3 cxd4 6. Qxd4 Nf6 7. Bc4 Qxd4 8.
Nxd4 a6 9. O-O Bg7 10. Re1 e6 11. Bf4 O-O 12. a4 Bd7 13. Nd2 Nc6 14. Nxc6 Bxc6
15. Nb3 Nd5 16. Bxd5 Bxd5 17. Nc5 Bc6 18. a5 Rac8 19. Be3 Rfd8 20. Red1 Bf6 21.
f3 Be7 22. Nd3 Bb5 23. Nf2 Be2 24. Rxd8+ Rxd8 25. Re1 Bb5 26. Rd1 e5 27. Rxd8+
Bxd8 28. b4 f5 29. g4 Kf7 30. Nd1 Be2 31. Nb2 Bxf3 32. gxf5 gxf5 33. Nc4 Ke6
34. Kf2 Bc6 35. Bh6 Bh4+ 36. Ke2 Bb5 37. Kd3 0-1